| 000 | 00606nam a22001937a 4500 | ||
|---|---|---|---|
| 005 | 20170814112316.0 | ||
| 010 | _aENG-119761 | ||
| 020 |
_c199.00 _a9788189140779 |
||
| 035 | _aEN-103293 | ||
| 037 | _bDBAD/PUB | ||
| 082 | _a792.01 | ||
| 100 | _aSengupta, Goutam | ||
| 245 |
_aIntimate theatre / _cby Goutam Sengupta ; translated by Gautam Bandhopadhyay |
||
| 260 |
_aKolkata _bSparrow Publication _c2014 |
||
| 270 |
_bKolkata (West Bengal) _a2, Beniapukar Lane, _e700014 |
||
| 300 |
_a106p. : _c21cm(pbk) _bill. |
||
| 700 | _aBandhopadhyay, Gautam | ||
| 942 |
_cEN _h792.01 _mSEN _2ddc |
||
| 999 |
_c143323 _d143323 |
||